مكتبة جامعة عجلون الوطنية

فهرس بحث المكتبة

Normal view MARC view
  •  Information technology -- Islamic countries -- Congresses 

Entry Topical Term

Number of records used in: 1

001 - CONTROL NUMBER

  • control field: 3686

003 - CONTROL NUMBER IDENTIFIER

  • control field: JO-AjAnu

005 - DATE AND TIME OF LATEST TRANSACTION

  • control field: 20230606070915.0

008 - FIXED-LENGTH DATA ELEMENTS

  • fixed length control field: 230606|| aca||aabn | a|a d

040 ## - CATALOGING SOURCE

  • Original cataloging agency: JO-AjAnu
  • Transcribing agency: JO-AjAnu

150 ## - HEADING--TOPICAL TERM

  • Topical term or geographic name entry element:  Information technology -- Islamic countries -- Congresses 

670 ## - SOURCE DATA FOUND

  • Source citation: Work cat.: (JO-AjAnu)1922: Ergin , Mehmed/Al-Zou'bi , Moneef R Editor /Doruk , Muslafa Editor , author 3685, Information Technology for Development in the Islamic World held in Tunis , Tunisia , 20-24 November , 2000